000 00218nam a2200097Ia 4500
008 191206s9999 xx 000 0 und d
090 _aP106S773
245 0 _aReal Presences
260 _aFaber and Faber
260 _cc1989
999 _c16772
_d16772